<?xml version="1.0" encoding="UTF-8"?>
<collection xmlns="http://www.loc.gov/MARC21/slim">
    <record>
        <controlfield tag="001">67384</controlfield>
        <controlfield tag="005">20180223105210.0</controlfield>
        <datafield tag="037" ind1=" " ind2=" ">
            <subfield code="a">GDOC-2016-29707</subfield>
        </datafield>
        <datafield tag="041" ind1=" " ind2=" ">
            <subfield code="a">spa</subfield>
        </datafield>
        <datafield tag="100" ind1=" " ind2=" ">
            <subfield code="0">(orcid)0000-0002-9756-9097</subfield>
            <subfield code="1">115881</subfield>
            <subfield code="a">Roy Golet, Alfredo</subfield>
        </datafield>
        <datafield tag="245" ind1="0" ind2="0">
            <subfield code="9">29707</subfield>
            <subfield code="a">Fundamentos de informática</subfield>
        </datafield>
        <datafield tag="260" ind1=" " ind2=" ">
            <subfield code="a">Zaragoza</subfield>
            <subfield code="b">Universidad de Zaragoza</subfield>
            <subfield code="c">2016-2017</subfield>
        </datafield>
        <datafield tag="520" ind1=" " ind2=" ">
            <subfield code="a">La asignatura de Fundamentos de Informática tiene como objetivo fundamental que el alumno comprenda el papel del computador en la resolución de problemas del ámbito de la Ingeniería y sea capaz de crear, analizar, depurar y mantener programas que le permitan resolver estos problemas. Aunque la asignatura constituye una materia básica común a cualquier Ingeniería, ésta se plantea de manera que se relacione con otras materias propias de la titulación potenciando el análisis y la resolución de problemas propios de la Ingeniería Mecánica.</subfield>
            <subfield code="b"> </subfield>
        </datafield>
        <datafield tag="521" ind1=" " ind2=" ">
            <subfield code="9">149</subfield>
            <subfield code="a">Ingeniería Mecánica</subfield>
        </datafield>
        <datafield tag="540" ind1=" " ind2=" ">
            <subfield code="a">by-nc-sa</subfield>
            <subfield code="b">Creative Commons</subfield>
            <subfield code="c">3.0</subfield>
            <subfield code="u">http://creativecommons.org/licenses/by-nc-sa/3.0/</subfield>
        </datafield>
        <datafield tag="700" ind1=" " ind2=" ">
            <subfield code="0">(orcid)0000-0001-8373-5835</subfield>
            <subfield code="1">386654</subfield>
            <subfield code="a">Velilla Marco, Santiago Miguel</subfield>
        </datafield>
        <datafield tag="700" ind1=" " ind2=" ">
            <subfield code="0">(orcid)0000-0001-6443-3815</subfield>
            <subfield code="1">390553</subfield>
            <subfield code="a">De Miguel Casado, Gregorio</subfield>
        </datafield>
        <datafield tag="700" ind1=" " ind2=" ">
            <subfield code="0">(orcid)0000-0003-1270-5852</subfield>
            <subfield code="1">415779</subfield>
            <subfield code="a">Hernández Giménez, Mónica</subfield>
        </datafield>
        <datafield tag="700" ind1=" " ind2=" ">
            <subfield code="1">434661</subfield>
            <subfield code="a">Calvo Martinez, Jose Carlos</subfield>
        </datafield>
        <datafield tag="700" ind1=" " ind2=" ">
            <subfield code="0">(orcid)0000-0003-3057-6273</subfield>
            <subfield code="1">456913</subfield>
            <subfield code="a">Tolosana Calasanz, Rafael</subfield>
        </datafield>
        <datafield tag="830" ind1=" " ind2=" ">
            <subfield code="9">434</subfield>
        </datafield>
        <datafield tag="856" ind1="4" ind2=" ">
            <subfield code="s">13608</subfield>
            <subfield code="u">http://zaguan.unizar.es/record/67384/files/guia-29707-es.pdf</subfield>
            <subfield code="y">Guía (idioma español)</subfield>
        </datafield>
        <datafield tag="856" ind1="4" ind2=" ">
            <subfield code="s">7011</subfield>
            <subfield code="u">http://zaguan.unizar.es/record/67384/files/guia-29707-en.pdf</subfield>
            <subfield code="y">Guide (english)</subfield>
        </datafield>
        <datafield tag="970" ind1=" " ind2=" ">
            <subfield code="a">GDOC-2016-29707</subfield>
        </datafield>
        <datafield tag="980" ind1=" " ind2=" ">
            <subfield code="a">GDOC</subfield>
            <subfield code="b">Ingeniería y arquitectura</subfield>
            <subfield code="c">110</subfield>
        </datafield>
    </record>

    
</collection>